[Event "VEN-ch"]
[Site "Caracas"]
[Date "2024.02.25"]
[Round "5"]
[White "Castro Silva, Moises Antonio"]
[Black "Castro Torres, Jose Luis"]
[Result "1/2-1/2"]
[WhiteElo "2204"]
[BlackElo "2302"]
[PlyCount "45"]
[EventDate "2024.02.23"]
[EventType "tourn"]
[EventRounds "9"]
[EventCountry "VEN"]
[EventCategory "1"]
[SourceTitle "CB11_2024"]
[SourceDate "2024.03.13"]
[SourceVersion "1"]
[SourceVersionDate "2024.03.13"]
[SourceQuality "1"]

1. e4 c5 2. Nf3 Nc6 3. d4 cxd4 4. Nxd4 Nf6 5. Nc3 e5 6. Ndb5 d6 7. Bg5 a6 8. Na3 Be6 9. Nc4 Nd4 10. Ne3 Rc8 11. Bd3 Be7 12. Bxf6 Bxf6 13. Ncd5 Bg5 14. 0-0 0-0 15. c3 Nc6 16. Qe2 Ne7 17. Bc4 Nxd5 18. Nxd5 Kh8 19. Rad1 Rc5 20. Bb3 a5 21. Ne3 Bxb3 22. axb3 Bxe3 23. Qxe3 1/2-1/2

[Event "VEN-ch"]
[Site "Caracas"]
[Date "2024.02.25"]
[Round "4"]
[White "Castro Torres, Jose Luis"]
[Black "Rohl Montes, Juan Armando"]
[Result "0-1"]
[WhiteElo "2302"]
[BlackElo "2375"]
[PlyCount "94"]
[EventDate "2024.02.23"]
[EventType "tourn"]
[EventRounds "9"]
[EventCountry "VEN"]
[EventCategory "1"]
[SourceTitle "CB11_2024"]
[SourceDate "2024.03.13"]
[SourceVersion "1"]
[SourceVersionDate "2024.03.13"]
[SourceQuality "1"]

1. e4 c6 2. d4 d5 3. e5 c5 4. dxc5 e6 5. a3 Nc6 6. Nf3 Bxc5 7. b4 Bb6 8. Bd3 Nge7 9. Bb2 Ng6 10. 0-0 Nf4 11. Re1 Nxd3 12. Qxd3 Bd7 13. Nbd2 Ne7 14. c4 dxc4 15. Nxc4 0-0 16. Nxb6 axb6 17. Ng5 Ng6 18. Qg3 Bc6 19. Rad1 Qe7 20. Rd6 Bd5 21. Ne4 Rfc8 22. Nc3 Bb3 23. Rxb6 Rd8 24. Rd6 Qc7 25. Nb5 Qc2 26. Bc1 Bd5 27. h4 Qf5 28. Nc7 Rac8 29. Nxd5 exd5 30. Rxd8+ Rxd8 31. Qg5 Qxg5 32. Bxg5 Re8 33. Rc1 h6 34. Be3 Ra8 35. Rc7 Rxa3 36. e6 fxe6 37. h5 Ne5 38. Bd4 Nf7 39. Rxb7 e5 40. Bc5 d4 41. Rd7 Rb3 42. f4 d3 43. f5 Ng5 44. Rd8+ Kh7 45. Rd7 Ne4 46. Bf8 Rb1+ 47. Kh2 d2 0-1

[Event "VEN-ch"]
[Site "Guatire"]
[Date "2020.01.30"]
[Round "9"]
[White "Huerta Escobar, Bruce"]
[Black "Castro Torres, Jose Luis"]
[Result "0-1"]
[WhiteElo "2078"]
[BlackElo "2341"]
[PlyCount "51"]
[EventDate "2020.01.25"]
[EventType "tourn"]
[EventRounds "9"]
[EventCountry "VEN"]
[EventCategory "1"]
[SourceTitle "CBM 194 Extra"]
[Source "ChessBase"]
[SourceDate "2020.03.31"]
[SourceVersion "1"]
[SourceVersionDate "2020.03.31"]
[SourceQuality "1"]

1. d4 Nf6 2. c4 g6 3. Nc3 Bg7 4. e4 0-0 5. f3 d6 6. Bg5 c6 7. Qd2 a6 8. Nge2 b5 9. h4 Nbd7 10. h5 bxc4 11. Bh6 Bxh6 12. Qxh6 e5 13. Ng3 exd4 14. hxg6 fxg6 15. Bxc4+ d5 16. exd5 dxc3 17. dxc6+ Kh8 18. 0-0-0 Qb6 19. b3 Qc5 20. Kc2 Ne5 21. Rd5 Qf2+ 22. Be2 Bf5+ 23. Nxf5 Qxe2+ 24. Kc1 Qb2+ 25. Kd1 c2+ 26. Ke2 0-1

[Event "VEN-ch"]
[Site "Guatire"]
[Date "2020.01.28"]
[Round "6"]
[White "Castro Torres, Jose Luis"]
[Black "Brizuela Abreu, Ronald Jesus"]
[Result "1/2-1/2"]
[WhiteElo "2341"]
[BlackElo "2375"]
[PlyCount "64"]
[EventDate "2020.01.25"]
[EventType "tourn"]
[EventRounds "9"]
[EventCountry "VEN"]
[EventCategory "1"]
[SourceTitle "CBM 194 Extra"]
[Source "ChessBase"]
[SourceDate "2020.03.31"]
[SourceVersion "1"]
[SourceVersionDate "2020.03.31"]
[SourceQuality "1"]

1. e4 e6 2. d4 d5 3. Nd2 dxe4 4. Nxe4 Bd7 5. Nf3 Bc6 6. Bd3 Nd7 7. Qe2 Ngf6 8. Nxf6+ Nxf6 9. 0-0 Bxf3 10. Qxf3 c6 11. Be3 Bd6 12. c4 0-0 13. Rad1 Re8 14. Bg5 Be7 15. Rfe1 Nd7 16. Bf4 Nf8 17. Qg3 Bh4 18. Qg4 Bf6 19. b3 Qd7 20. Bc2 Rad8 21. h4 Qe7 22. Bg3 Rd7 23. h5 Red8 24. Re4 h6 25. Bf4 Kh8 26. Be5 Bxe5 27. Rxe5 Qf6 28. Qe4 Kg8 29. a4 Rd6 30. Rd3 Qe7 31. Qg4 Qf6 32. Qe4 Qe7 1/2-1/2

[Event "VEN pre olympic2"]
[Site "Caracas"]
[Date "2018.04.21"]
[Round "6.3"]
[White "Brizuela Abreu, Reivis Gabriel"]
[Black "Castro Torres, Jose Luis"]
[Result "0-1"]
[WhiteElo "2223"]
[BlackElo "2322"]
[PlyCount "104"]
[EventDate "2018.04.17"]
[EventType "tourn"]
[EventRounds "10"]
[EventCountry "VEN"]
[SourceTitle "EXT 2022"]
[Source "ChessBase"]
[SourceDate "2021.10.06"]
[SourceVersion "1"]
[SourceVersionDate "2021.10.06"]
[SourceQuality "1"]

1. d4 Nf6 2. c4 d6 3. Nc3 Nbd7 4. Nf3 e5 5. g3 g6 6. Bg2 Bg7 7. 0-0 0-0 8. h3 exd4 9. Nxd4 a5 10. e4 Re8 11. Re1 Nc5 12. Ndb5 Bd7 13. Na3 Bc6 14. Qc2 Re7 15. f3 Qe8 16. Be3 Na6 17. Qd2 Nd7 18. Bf2 Qf8 19. Nc2 a4 20. Ne3 Nf6 21. Rac1 Nc5 22. Nc2 Nfd7 23. Nb4 Nb6 24. Ncd5 Bxd5 25. cxd5 Rae8 26. Bd4 Bxd4+ 27. Qxd4 f5 28. Rxc5 dxc5 29. Qxc5 fxe4 30. fxe4 Qf6 31. Nd3 Qd6 32. Qxd6 cxd6 33. Rf1 Nc4 34. Rf6 Rf7 35. Rxf7 Kxf7 36. Kf2 Ne5 37. Nxe5+ Rxe5 38. Ke3 Kf6 39. Bf1 Re8 40. Bb5 Ra8 41. a3 Ra5 42. Bd7 Ke5 43. Kd3 Rc5 44. Bxa4 Rc1 45. Bd7 Rg1 46. a4 Rxg3+ 47. Kc4 h5 48. a5 g5 49. Bc8 Rg2 50. Bxb7 Rxb2 51. a6 Ra2 52. Bc8 Rc2+ 0-1

[Event "VEN pre olympic2"]
[Site "Caracas"]
[Date "2018.04.21"]
[Round "7.2"]
[White "Castro Torres, Jose Luis"]
[Black "Vivas Zamora, Fabian Ernesto"]
[Result "1/2-1/2"]
[WhiteElo "2322"]
[BlackElo "2319"]
[PlyCount "85"]
[EventDate "2018.04.17"]
[EventType "tourn"]
[EventRounds "10"]
[EventCountry "VEN"]
[SourceTitle "EXT 2022"]
[Source "ChessBase"]
[SourceDate "2021.10.06"]
[SourceVersion "1"]
[SourceVersionDate "2021.10.06"]
[SourceQuality "1"]

1. e4 c5 2. Nf3 d6 3. d4 cxd4 4. Qxd4 Nc6 5. Bb5 Bd7 6. Bxc6 Bxc6 7. c4 f5 8. Nc3 e5 9. Qd3 fxe4 10. Nxe4 Nf6 11. Nc3 Be7 12. Ng5 Qd7 13. 0-0 0-0 14. f3 a6 15. Be3 b5 16. Nd5 Bxd5 17. cxd5 Qb7 18. Rad1 h6 19. Ne6 Rf7 20. Qg6 Ne8 21. f4 Rf6 22. Qg4 Bd8 23. fxe5 dxe5 24. Bxh6 Bb6+ 25. Kh1 Qf7 26. Rxf6 Nxf6 27. Qf3 Nxd5 28. Nxg7 Rf8 29. Qxf7+ Rxf7 30. g4 Nf6 31. h3 Rxg7 32. Bxg7 Kxg7 33. Rd6 Bd4 34. b4 Bc3 35. a3 a5 36. bxa5 Bxa5 37. Kg2 Kf7 38. g5 Ne4 39. Ra6 Be1 40. g6+ Kg7 41. h4 Bxh4 42. a4 bxa4 43. Rxa4 1/2-1/2

[Event "VEN pre olympic2"]
[Site "Caracas"]
[Date "2018.04.19"]
[Round "3.2"]
[White "Castro Torres, Jose Luis"]
[Black "Vidal Melendez, Ismael David"]
[Result "1-0"]
[WhiteElo "2322"]
[BlackElo "2285"]
[PlyCount "79"]
[EventDate "2018.04.17"]
[EventType "tourn"]
[EventRounds "10"]
[EventCountry "VEN"]
[SourceTitle "EXT 2022"]
[Source "ChessBase"]
[SourceDate "2021.10.06"]
[SourceVersion "1"]
[SourceVersionDate "2021.10.06"]
[SourceQuality "1"]

1. e4 e5 2. Nf3 Nc6 3. Bb5 a6 4. Ba4 Nf6 5. 0-0 Be7 6. Re1 b5 7. Bb3 d6 8. c3 0-0 9. h3 Na5 10. Bc2 c5 11. d4 Qc7 12. Nbd2 Rd8 13. b3 cxd4 14. cxd4 Nc6 15. Bb2 exd4 16. Nxd4 Nxd4 17. Bxd4 Be6 18. Rc1 Qa5 19. Nf1 Rac8 20. Ne3 g6 21. f4 d5 22. f5 dxe4 23. fxe6 fxe6 24. Re2 Bc5 25. Bxc5 Rxd1+ 26. Bxd1 Nd5 27. Nxd5 exd5 28. b4 Qa3 29. Rcc2 d4 30. Rcd2 Rxc5 31. bxc5 Qc3 32. Bb3+ Kg7 33. Rd1 Qxc5 34. Rxe4 d3+ 35. Kh1 a5 36. Rxd3 Qf5 37. Re7+ Kh6 38. Rf3 Qb1+ 39. Kh2 a4 40. Bg8 1-0

[Event "VEN pre olympic2"]
[Site "Caracas"]
[Date "2018.04.19"]
[Round "4.3"]
[White "Palencia Morales, Wilson Guillermo"]
[Black "Castro Torres, Jose Luis"]
[Result "1-0"]
[WhiteElo "2298"]
[BlackElo "2322"]
[PlyCount "80"]
[EventDate "2018.04.17"]
[EventType "tourn"]
[EventRounds "10"]
[EventCountry "VEN"]
[SourceTitle "EXT 2022"]
[Source "ChessBase"]
[SourceDate "2021.10.06"]
[SourceVersion "1"]
[SourceVersionDate "2021.10.06"]
[SourceQuality "1"]

1. d4 Nf6 2. c3 g6 3. Nf3 Bg7 4. Bf4 0-0 5. e3 d6 6. h3 Nfd7 7. h4 e5 8. Bg3 h6 9. Na3 Nc6 10. Be2 f5 11. Bc4+ Kh8 12. dxe5 dxe5 13. Ng5 f4 14. Ne6 Qe7 15. Nxf8 Bxf8 16. Bh2 fxe3 17. Bg3 exf2+ 18. Bxf2 Nf6 19. Qf3 Bg4 20. Bc5 Qd8 21. Qe3 Bg7 22. Qd3 Qe8 23. 0-0 Rd8 24. Qc2 e4 25. Rae1 Qe5 26. Be3 Qh5 27. Qf2 Ne5 28. Bd4 c5 29. Bxe5 Qxe5 30. Nc2 b5 31. Bxb5 Rb8 32. Na3 Nh5 33. Nc4 Qe7 34. Bc6 Nf6 35. Qf4 Rf8 36. Ne5 Bh5 37. g4 Nxg4 38. Nxg6+ Bxg6 39. Qxg4 Rxf1+ 40. Rxf1 Bh7 1-0

[Event "VEN pre olympic2"]
[Site "Caracas"]
[Date "2018.04.18"]
[Round "1.3"]
[White "Castro Torres, Jose Luis"]
[Black "Brizuela Abreu, Reivis Gabriel"]
[Result "1-0"]
[WhiteElo "2322"]
[BlackElo "2223"]
[PlyCount "87"]
[EventDate "2018.04.17"]
[EventType "tourn"]
[EventRounds "10"]
[EventCountry "VEN"]
[SourceTitle "EXT 2022"]
[Source "ChessBase"]
[SourceDate "2021.10.06"]
[SourceVersion "1"]
[SourceVersionDate "2021.10.06"]
[SourceQuality "1"]

1. e4 e6 2. d4 d5 3. Nd2 Nf6 4. e5 Nfd7 5. Bd3 c5 6. c3 Nc6 7. Ne2 cxd4 8. cxd4 f6 9. exf6 Nxf6 10. Nf3 Qc7 11. 0-0 Bd6 12. Bg5 0-0 13. Bh4 Nh5 14. Qc2 h6 15. Bh7+ Kh8 16. Bg6 Rxf3 17. Bxh5 Rf8 18. Bg3 Bd7 19. Rac1 Rac8 20. a3 Bxg3 21. hxg3 Qd6 22. Qb3 Na5 23. Qd3 a6 24. Nf4 Bb5 25. Qb1 Bxf1 26. Rxc8 Rxc8 27. Bf7 Qxf4 28. gxf4 Bc4 29. Bxe6 Rf8 30. Qg6 Nc6 31. Bf5 Kg8 32. Qh7+ Kf7 33. Bg6+ Kf6 34. Bc2 Ne7 35. g4 Bb5 36. g5+ hxg5 37. fxg5+ Kf7 38. Qh5+ Ke6 39. Qh3+ Kf7 40. Kg2 Ke8 41. Qe6 Kd8 42. Qd6+ Bd7 43. Ba4 b5 44. Bd1 1-0

[Event "Barquisimeto Vega Memorial"]
[Site "Barquisimeto"]
[Date "2016.06.06"]
[Round "9"]
[White "Vergara Duplaquet, Pablo Alejandro"]
[Black "Castro Torres, Jose Luis"]
[Result "0-1"]
[WhiteElo "2025"]
[BlackElo "2264"]
[PlyCount "64"]
[EventDate "2016.06.01"]
[EventType "tourn"]
[EventRounds "10"]
[EventCountry "VEN"]
[SourceTitle "CBM 172 Extra"]
[Source "ChessBase"]
[SourceDate "2016.06.21"]
[SourceVersion "1"]
[SourceVersionDate "2016.06.21"]
[SourceQuality "1"]

1. d4 Nf6 2. c4 g6 3. Nf3 Bg7 4. g3 0-0 5. Bg2 d6 6. 0-0 Nc6 7. Nc3 a6 8. e4 Bg4 9. h3 Bxf3 10. Bxf3 e5 11. d5 Nd4 12. Bg2 c5 13. dxc6 bxc6 14. Be3 Nd7 15. Ne2 Qb6 16. Qd2 Rfb8 17. b3 a5 18. Rab1 Qb4 19. Rfd1 c5 20. Bxd4 cxd4 21. f4 a4 22. fxe5 dxe5 23. Qc2 axb3 24. axb3 Bh6 25. Nc1 Bxc1 26. Rdxc1 Nc5 27. Bf3 Ra3 28. Kg2 Rxb3 29. Rxb3 Qxb3 30. Qd2 Ra8 31. Bd1 Ra2 32. Rc2 Nxe4 0-1

[Event "Barquisimeto Vega Memorial"]
[Site "Barquisimeto"]
[Date "2016.06.02"]
[Round "3"]
[White "Castro Torres, Jose Luis"]
[Black "Blanco Ronquillo, Humberto L"]
[Result "1/2-1/2"]
[WhiteElo "2264"]
[BlackElo "2438"]
[PlyCount "120"]
[EventDate "2016.06.01"]
[EventType "tourn"]
[EventRounds "10"]
[EventCountry "VEN"]
[SourceTitle "CBM 172 Extra"]
[Source "ChessBase"]
[SourceDate "2016.06.21"]
[SourceVersion "1"]
[SourceVersionDate "2016.06.21"]
[SourceQuality "1"]

1. e4 e5 2. Nf3 Nc6 3. Bb5 a6 4. Ba4 Nf6 5. 0-0 Nxe4 6. d4 b5 7. Bb3 d5 8. dxe5 Be6 9. c3 Be7 10. Nbd2 Nc5 11. Bc2 d4 12. Nb3 d3 13. Nxc5 dxc2 14. Qxd8+ Rxd8 15. Nxe6 fxe6 16. Bf4 Rf8 17. Bg3 g5 18. h3 Rxf3 19. gxf3 b4 20. Rfc1 Rd2 21. Kf1 bxc3 22. bxc3 Ba3 23. Ke1 Bxc1 24. Rxc1 Rd3 25. Rxc2 Rxf3 26. Ke2 Rf5 27. Rb2 h5 28. Rb7 Kd7 29. Ke3 Ne7 30. c4 Rf8 31. Ra7 Nf5+ 32. Ke4 Rb8 33. Rxa6 Rb4 34. Ra8 Rxc4+ 35. Kf3 Rc3+ 36. Kg2 Nxg3 37. fxg3 g4 38. hxg4 hxg4 39. Ra4 Rc2+ 40. Kf1 Kc6 41. Rxg4 Kd5 42. a4 Ra2 43. Rf4 c5 44. g4 Kxe5 45. Rc4 Kd5 46. Rc3 Kd4 47. Rg3 c4 48. Ke1 c3 49. Kd1 e5 50. g5 e4 51. g6 e3 52. g7 c2+ 53. Kc1 e2 54. Rg4+ Ke3 55. Rg3+ Kd4 56. Rg4+ Ke5 57. Rg5+ Kf6 58. Rg6+ Ke7 59. Re6+ Kf7 60. Rxe2 Rxa4 1/2-1/2

[Event "Caracas Sunaval 2nd"]
[Site "Caracas"]
[Date "2015.08.16"]
[Round "8"]
[White "Castro Torres, Jose Luis"]
[Black "Quesada Vera, Liordis"]
[Result "1/2-1/2"]
[WhiteElo "2319"]
[BlackElo "2429"]
[PlyCount "77"]
[EventDate "2015.08.12"]
[EventType "tourn"]
[EventRounds "9"]
[EventCountry "VEN"]
[EventCategory "2"]
[SourceTitle "EXT 2016"]
[Source "ChessBase"]
[SourceDate "2015.10.08"]
[SourceVersion "1"]
[SourceVersionDate "2015.10.08"]
[SourceQuality "1"]

1. e4 e6 2. d4 d5 3. Nd2 Be7 4. Ngf3 c5 5. exd5 exd5 6. dxc5 Nf6 7. Nb3 0-0 8. Be2 Nbd7 9. Be3 a5 10. a4 Ng4 11. Bd4 Qc7 12. h3 Ngf6 13. 0-0 Ne4 14. c3 Ndxc5 15. Nxc5 Nxc5 16. Bd3 Rd8 17. Re1 Nxd3 18. Qxd3 Ra6 19. Re3 Re6 20. Rae1 Qc4 21. Qc2 Rxe3 22. Rxe3 Be6 23. Ne5 Qc7 24. Qe2 Bd6 25. Nf3 h6 26. Be5 Qc4 27. Bxd6 Rxd6 28. Nd4 Qxe2 29. Rxe2 Bd7 30. b3 f6 31. f4 Kf7 32. Kf2 h5 33. f5 Ra6 34. Kg3 Ra8 35. Kh4 Rc8 36. Re3 Rh8 37. Re2 Rc8 38. Re3 Rh8 39. Re1 1/2-1/2

[Event "Caracas Sunaval 2nd"]
[Site "Caracas"]
[Date "2015.08.12"]
[Round "1"]
[White "Palencia Morales, Wilson Guillermo"]
[Black "Castro Torres, Jose Luis"]
[Result "0-1"]
[WhiteElo "2256"]
[BlackElo "2319"]
[PlyCount "76"]
[EventDate "2015.08.12"]
[EventType "tourn"]
[EventRounds "9"]
[EventCountry "VEN"]
[EventCategory "2"]
[SourceTitle "EXT 2016"]
[Source "ChessBase"]
[SourceDate "2015.10.08"]
[SourceVersion "1"]
[SourceVersionDate "2015.10.08"]
[SourceQuality "1"]

1. e4 c5 2. Nf3 Nc6 3. d4 cxd4 4. Nxd4 Nf6 5. Nc3 e5 6. Ndb5 d6 7. Bg5 a6 8. Na3 b5 9. Nd5 Be7 10. Bxf6 Bxf6 11. c4 b4 12. Nc2 0-0 13. Be2 Bg5 14. 0-0 a5 15. Qd3 Be6 16. Rad1 Ra7 17. Nde3 Bxe3 18. Nxe3 Nd4 19. Nc2 Nxc2 20. Qxc2 Qb6 21. Rd3 Qc5 22. b3 f5 23. Qd2 fxe4 24. Rxd6 Raf7 25. Bf3 Bxc4 26. Rc1 exf3 27. Rxc4 Qb5 28. g3 e4 29. Rd5 Qe8 30. Rc1 Qe6 31. Kh1 e3 32. Qd4 Qh3 33. Rg1 e2 34. Re5 Rd7 35. Qc4+ Kh8 36. Qc5 Rg8 37. Qe3 Rd1 38. Qxf3 Rxg1+ 0-1

[Event "Caracas Miranda Memorial"]
[Site "Caracas"]
[Date "2013.04.05"]
[Round "6"]
[White "Castro Torres, Jose Luis"]
[Black "Marichal Gonzalez, Ariel"]
[Result "0-1"]
[WhiteElo "2258"]
[BlackElo "2295"]
[PlyCount "42"]
[EventDate "2013.04.03"]
[EventType "tourn"]
[EventRounds "9"]
[EventCountry "VEN"]
[SourceTitle "EXT 2018"]
[Source "ChessBase"]
[SourceDate "2017.10.13"]
[SourceVersion "1"]
[SourceVersionDate "2017.10.13"]
[SourceQuality "1"]

1. e4 c5 2. Nf3 Nc6 3. d4 cxd4 4. Nxd4 Nf6 5. Nc3 e6 6. Ndb5 d6 7. Bf4 e5 8. Bg5 a6 9. Na3 b5 10. Nd5 Be7 11. Bxf6 Bxf6 12. c4 b4 13. Nc2 0-0 14. Qf3 Bg5 15. h4 Bh6 16. g4 Bf4 17. Nxf4 exf4 18. Qxf4 Ne5 19. f3 Qb6 20. Be2 b3 21. Qe3 Qa5+ 0-1

[Event "Barquisimeto-ch"]
[Site "Barquisimeto"]
[Date "2011.10.25"]
[Round "6"]
[White "Soto Paez, Oliver de la Trinid"]
[Black "Castro Torres, Jose Luis"]
[Result "1-0"]
[WhiteElo "2357"]
[BlackElo "2129"]
[PlyCount "79"]
[EventDate "2011.10.21"]
[EventType "tourn"]
[EventRounds "11"]
[EventCountry "VEN"]
[SourceTitle "EXT 2022"]
[Source "ChessBase"]
[SourceDate "2021.10.06"]
[SourceVersion "1"]
[SourceVersionDate "2021.10.06"]
[SourceQuality "1"]

1. e4 c5 2. Nf3 Nc6 3. d4 cxd4 4. Nxd4 Nf6 5. Nc3 e5 6. Ndb5 d6 7. Bg5 a6 8. Na3 b5 9. Nd5 Be7 10. Bxf6 Bxf6 11. c3 Bg5 12. Nc2 0-0 13. a4 bxa4 14. Rxa4 a5 15. Bc4 Rb8 16. Ra2 Kh8 17. Nce3 Bd7 18. b3 Ne7 19. Nxe7 Qxe7 20. Nd5 Qd8 21. 0-0 f5 22. exf5 Bxf5 23. Qe2 e4 24. Rfa1 Bf6 25. Rxa5 Be5 26. g3 Qg5 27. R5a2 Rbe8 28. Qe3 Qg4 29. Be2 Qg6 30. Ra7 Bh3 31. b4 h5 32. b5 h4 33. b6 hxg3 34. fxg3 Kh7 35. Ne7 Qf6 36. g4 Bxg4 37. Bxg4 Rxe7 38. Qh3+ Kg8 39. Rxe7 Bd4+ 40. Kh1 1-0

[Event "Barquisimeto-ch"]
[Site "Barquisimeto"]
[Date "2011.10.23"]
[Round "3"]
[White "Castro Torres, Jose Luis"]
[Black "Pinero Salas, Carlos Julio"]
[Result "1-0"]
[WhiteElo "2129"]
[BlackElo "2091"]
[PlyCount "83"]
[EventDate "2011.10.21"]
[EventType "tourn"]
[EventRounds "11"]
[EventCountry "VEN"]
[SourceTitle "EXT 2022"]
[Source "ChessBase"]
[SourceDate "2021.10.06"]
[SourceVersion "1"]
[SourceVersionDate "2021.10.06"]
[SourceQuality "1"]

1. e4 c5 2. Nf3 Nc6 3. d4 cxd4 4. Nxd4 Qb6 5. Nb3 Nf6 6. Nc3 e6 7. Be3 Qc7 8. a3 a6 9. Bd3 Ne5 10. h3 b5 11. 0-0 Bb7 12. f4 Nc4 13. Bxc4 bxc4 14. Nd2 d5 15. e5 Bc5 16. Bxc5 Qxc5+ 17. Kh2 d4 18. exf6 dxc3 19. fxg7 Rg8 20. bxc3 Rxg7 21. Nf3 Qe3 22. Qd4 Qxd4 23. cxd4 c3 24. Rab1 Bd5 25. Rf2 Kd7 26. Ne5+ Kc7 27. Ng4 Kc6 28. Re1 Kb5 29. Rb1+ Kc6 30. f5 Rag8 31. f6 Rxg4 32. hxg4 Rxg4 33. Rd1 Be4 34. Kh3 Bf5 35. d5+ Kc5 36. d6 Rg8+ 37. Kh4 Bg6 38. d7 Rd8 39. Kg5 e5 40. Re2 e4 41. Re3 Kc4 42. Kf4 1-0

[Event "Barquisimeto-ch"]
[Site "Barquisimeto"]
[Date "2011.10.22"]
[Round "1"]
[White "Castro Torres, Jose Luis"]
[Black "Boada, Winston"]
[Result "1-0"]
[WhiteElo "2129"]
[BlackElo "2235"]
[PlyCount "65"]
[EventDate "2011.10.21"]
[EventType "tourn"]
[EventRounds "11"]
[EventCountry "VEN"]
[SourceTitle "EXT 2022"]
[Source "ChessBase"]
[SourceDate "2021.10.06"]
[SourceVersion "1"]
[SourceVersionDate "2021.10.06"]
[SourceQuality "1"]

1. e4 g6 2. d4 Bg7 3. Nc3 d6 4. Be3 a6 5. Qd2 b5 6. f3 Bb7 7. h4 h5 8. Nh3 Nd7 9. Ng5 Ngf6 10. Ne2 c5 11. dxc5 dxc5 12. Nf4 Qc7 13. c4 0-0 14. Be2 bxc4 15. 0-0 Ne5 16. Rfc1 Rad8 17. Qc2 Rd7 18. Bxc4 Nfg4 19. fxg4 Nxg4 20. Qb3 e6 21. Ngxe6 fxe6 22. Bxe6+ Kh7 23. Bxg4 hxg4 24. Ne6 Qe5 25. Rxc5 Qg3 26. Nxf8+ Bxf8 27. h5 Bxe4 28. hxg6+ Bxg6 29. Rg5 Bh6 30. Qe6 Rg7 31. Rh5 Bxh5 32. Qxh6+ Kg8 33. Bd4 1-0

[Event "Pan American-ch U16"]
[Site "Mar del Plata"]
[Date "2009.08.19"]
[Round "5"]
[White "Castro Torres, Jose Luis"]
[Black "Quenallata, Luciano"]
[Result "0-1"]
[WhiteElo "1934"]
[BlackElo "2157"]
[PlyCount "114"]
[EventDate "2009.08.16"]
[EventType "swiss"]
[EventRounds "9"]
[EventCountry "ARG"]
[SourceTitle "EXT 2022"]
[Source "ChessBase"]
[SourceDate "2021.10.06"]
[SourceVersion "1"]
[SourceVersionDate "2021.10.06"]
[SourceQuality "1"]

1. e4 e6 2. d4 d5 3. e5 c5 4. c3 Nc6 5. Nf3 Qb6 6. a3 a5 7. b3 Bd7 8. Be2 Nge7 9. 0-0 cxd4 10. cxd4 Nf5 11. Bb2 h5 12. Re1 Be7 13. Qd3 g5 14. Rd1 0-0-0 15. Nc3 g4 16. Na4 Qa7 17. Ne1 Rdg8 18. b4 b6 19. Rdc1 Kd8 20. b5 Nb8 21. Rc3 h4 22. Rac1 Bg5 23. R1c2 g3 24. Bc1 gxf2+ 25. Kxf2 Be7 26. Bf4 Bb4 27. axb4 axb4 28. Rb3 Qxa4 29. Bd2 h3 30. g4 Nh6 31. Rxb4 Qa7 32. Bxh6 Rxh6 33. Rb3 f6 34. Ra3 Qb7 35. Qd2 Rhg6 36. Rca2 Ke8 37. Rxh3 fxe5 38. dxe5 Qc7 39. Re3 Qd8 40. Ng2 Rh6 41. Kg1 Rgh8 42. h4 Rxh4 43. Nxh4 Qxh4 44. Bf3 Qg3+ 45. Qg2 Qf4 46. Qe2 Ke7 47. Rb2 Rc8 48. Rb1 Rc5 49. Kf2 Be8 50. Qf1 Rc2+ 51. Re2 Rc3 52. Qh3 Bg6 53. Qg3 Qxg3+ 54. Kxg3 Bxb1 55. Kf4 Nd7 56. Rh2 Rc4+ 57. Kg5 Nxe5 0-1